| 000 | 01804nam0a2200349 4500 | ||
|---|---|---|---|
| 001 | RU\NLR\BIBL_A\011662020 | ||
| 005 | 20180517160930.0 | ||
| 010 |
_a978-5-7271-1472-8 _9500 |
||
| 021 |
_aRU _bКН-П-18-012186 _9КН-П-18-0863 |
||
| 035 | _a(NLR Aleph) 011662020 | ||
| 035 | _a(RuMoRGB)009548705 | ||
| 090 |
_a11187219 _c11187219 |
||
| 100 | _a20180321d2017 k y0rusy50 ca | ||
| 101 | 0 | _arus | |
| 102 | _aRU | ||
| 105 | _ay z 000zy | ||
| 200 | 1 |
_aВизуальный поворот в массовых коммуникациях _eколлективная монография _f[С. И. Симакова, кандидат филологических наук, доцент, С. С. Распопова, доктор филологических наук, доцент, профессор, Е. В. Выровцева, кандидат филологических наук, доцент _gпод редакцией С. И. Симаковой] |
|
| 210 |
_aЧелябинск _cИзд-во Челябинского государственного университета _d2017 |
||
| 215 |
_a112 с. _d21 |
||
| 300 | _aАвт. указаны на обороте тит. л. и на 112-й с. | ||
| 320 | _aБиблиогр. в конце гл. | ||
| 606 | 1 |
_aСредства массовой информации _2nlr_sh2 _3RU\NLR\AUTH\661277644 |
|
| 686 | 1 | _aЧ600.1 | |
| 686 | 1 | _aС550.57 | |
| 700 | 1 |
_aСимакова _bС. И. _gСветлана Ивановна |
|
| 701 | 1 |
_aРаспопова _bС. С. _gСветлана Сергеевна |
|
| 701 | 1 |
_aВыровцева _bЕ. В. _gЕкатерина Владимировна |
|
| 942 | _cBOOK | ||
| 980 | _aNBR | ||
| 980 | _aNB | ||